Paroles "A bout d'souffle" - Sexion d'Assaut - Statistiques

Statistiques générales
  • Ce quiz a été pris 32 fois
  • Le résultat moyen est 336 sur 499
Statistiques - réponses
Paroles % Correct
à
100%
bien
95%
bien...
95%
de
95%
Donc
95%
faire
95%
j'suis
95%
95%
la
95%
La
95%
pas
95%
tu
95%
Tu
95%
Va
95%
va
95%
d'autres
91%
morale
91%
vas
91%
Je
86%
je
86%
Ma
86%
ma
86%
me
86%
au
82%
ce
82%
Ce
82%
fait
82%
J'ai
82%
j'ai
82%
ta
82%
d'un
77%
le
77%
que
77%
tout
77%
con
73%
dans
73%
dire
73%
en
73%
ferme
73%
Laisse
73%
Mais
73%
mais
73%
aux
68%
c'est
68%
C'est
68%
chier
68%
Paris
68%
parles
68%
petit
68%
plus
68%
putain
68%
sais
68%
se
68%
suis
68%
t'es
68%
un
68%
vie
68%
comme
64%
danser
64%
France
64%
gueule
64%
les
64%
mes
64%
Mes
64%
mon
64%
mort
64%
"Oui
64%
passer
64%
peu
64%
samouraï
64%
t'as
64%
temps
64%
toute
64%
déjà
59%
des
59%
fais
59%
Gims
59%
keufs
59%
laisser
59%
l'avenir"
59%
Maître
59%
mer
59%
n'a
59%
n'est
59%
pour
59%
quand
59%
qui
59%
Toujours
59%
ça
55%
considère
55%
dites
55%
Faites
55%
mal
55%
marche
55%
mémorable
55%
minimum
55%
perdu
55%
peux
55%
plutôt
55%
quête
55%
souci
55%
terre
55%
tire
55%
tranquille
55%
veux
55%
avec
50%
Avec
50%
besoin
50%
depuis
50%
et
50%
l'ombre
50%
moi
50%
Non
50%
non
50%
pépette
50%
plein
50%
radis
50%
rap
50%
soucis
50%
Tapi
50%
tous
50%
vois
50%
bas
45%
blèmes-pro
45%
centre
45%
faut
45%
Faut
45%
frère
45%
futiles
45%
gravier
45%
ive
45%
merde
45%
perdre
45%
rabaisses
45%
raquer
45%
si
45%
vite
45%
batterie
41%
biff
41%
cotôyé
41%
dicter
41%
épargne-moi
41%
Hep
41%
hep
41%
leur
41%
monde
41%
naïf
41%
otage
41%
pépère
41%
pourtant
41%
Quoi
41%
rapper
41%
récépissé ?
41%
sera
41%
sous
41%
tilté
41%
travaux
41%
valeur
41%
Akhi
36%
connais
36%
d'air
36%
d'être
36%
deux
36%
faible
36%
grave
36%
khey
36%
limite
36%
On
36%
Paname
36%
Passe-moi
36%
prend
36%
prendre
36%
ravi
36%
sourire
36%
vais
36%
autour
32%
délais
32%
dernier
32%
doigts
32%
donner
32%
famille
32%
gravitent
32%
locataire
32%
pendant
32%
perdurent
32%
qu'entraver
32%
s'accrochent
32%
thérapie
32%
truc
32%
actes
27%
conseilles
27%
étage
27%
mètres
27%
s'aggravaient
27%
sermon
27%
soirs
27%
sur
27%
violence
27%
amendes
23%
barre
23%
blindé
23%
brefs
23%
courir
23%
crier
23%
jour
23%
nous
23%
Ok
23%
paroles
23%
SACEM
23%
servent
23%
tise
23%
y'a
23%
carrés
18%
Dieu
18%
Fonce-dé
18%
l'âge
18%
m'apaise
18%
Marre
18%
perrave
18%
raclé ?
18%
Sans
18%
Vingt
18%
aide
14%
compte
14%
fier
14%
illeu-cou
14%
magner
14%
mauvaises
14%
nouvelles
14%
qu'on
14%
rappels
14%
route
14%
trace
14%
vu
14%
barrer
9%
bon
9%
épuisé
9%
fautes
9%
foutu
9%
nommer
9%
pourvu
9%
s'y
9%
t'emmènent
9%
délave
5%
déphasé
5%
Aucun quiz correspondant
Distribution des résultats
% des personnes avec chaque résultat
Percentile par nombre de réponses
Votre historique - résultats
Vous n’avez pas pris ce quiz